|
|
|
|
| LEADER |
00000cam a22000004a 4500 |
| 001 |
musev2_69170 |
| 003 |
MdBmJHUP |
| 005 |
20230905051140.0 |
| 006 |
m o d |
| 007 |
cr||||||||nn|n |
| 008 |
080407s2002 ncu o 00 0 eng d |
| 020 |
|
|
|a 9780822385967
|
| 020 |
|
|
|z 9780822328872
|
| 020 |
|
|
|z 9780822334392
|
| 035 |
|
|
|a (OCoLC)1140000453
|
| 040 |
|
|
|a MdBmJHUP
|c MdBmJHUP
|
| 245 |
0 |
0 |
|a To Live and Die :
|b Collected Stories of the Civil War, 1861-1876 /
|c Kathleen Diffley, editor.
|
| 264 |
|
1 |
|a Durham [N.C.] :
|b Duke University Press,
|c 2002.
|
| 264 |
|
3 |
|a Baltimore, Md. :
|b Project MUSE,
|c 2020
|
| 264 |
|
4 |
|c ©2002.
|
| 300 |
|
|
|a 1 online resource (443 pages):
|b illustrations
|
| 336 |
|
|
|a text
|b txt
|2 rdacontent
|
| 337 |
|
|
|a computer
|b c
|2 rdamedia
|
| 338 |
|
|
|a online resource
|b cr
|2 rdacarrier
|
| 505 |
0 |
|
|a The cabin at Pharaoh's Ford / Henry King -- Job and the Bug / Chauncey Hickox -- A true and simple tale of '61 / Izilda -- Ellen / Rebecca Harding Davis -- Hopeful Tackett--his mark / Richmond Wolcott -- Thomas Elliott's speculations / Fred B. Perkins -- Mrs. F.'s waiting maid / Nora Perry -- Believe in ghosts! -- The Sergeant's little story / William H. Kemper -- On the Antietam -- A letter from the country / Charity Grimes -- T.J.'s cavalry charge / Confederate Gray -- Colonel Charley's wife -- The fourteenth at Gettysburg -- Lee at Gettysburg / J.D. Imboden -- Three days of terror / Ellen D. Larned (Ellen Leonard) -- The brothers / Louisa May Alcott -- The case of George Dedlow / Silas Weir Mitchell -- Robbed of half a million / J.O. Culver -- In the 'Libey' -- Mr. Williamson Slippey and his salt / Richard Malcolm Johnston (Philemon Perch) -- A night on the Mississippi / Ross Guffin -- Mrs. Spriggins, the neutral / G.J.A. Coulson (Alcibiades Jones) -- Buried alive -- A night in the wilderness -- The freedman's story / M. Shele De Vere -- Road-side story -- The skeleton in the closet / Edward Everett Hale (J. Thomas Darragh) -- Sentenced and shot / Richard M. Sheppard -- Wilhelmina / Constance Fenimore Woolson -- A true story, repeated word for word as I heard it / Samuel Clemens (Mark Twain).
|
| 520 |
|
|
|a An anthology of Civil War stories from nineteenth-century magazines.
|
| 546 |
|
|
|a English.
|
| 588 |
|
|
|a Description based on print version record.
|
| 651 |
|
7 |
|a United States.
|2 fast
|0 (OCoLC)fst01204155
|
| 651 |
|
6 |
|a États-Unis
|x Histoire
|y 1861-1865 (Guerre de Secession)
|v Romans, nouvelles, etc.
|
| 651 |
|
0 |
|a United States
|x History
|y Civil War, 1861-1865
|v Fiction.
|
| 650 |
1 |
7 |
|a Reconstruction (1865-1877)
|2 gtt
|
| 650 |
1 |
7 |
|a Amerikaanse burgeroorlog.
|2 gtt
|
| 650 |
|
7 |
|a War stories, American.
|2 fast
|0 (OCoLC)fst01170631
|
| 650 |
|
7 |
|a American fiction.
|2 fast
|0 (OCoLC)fst00807048
|
| 650 |
|
7 |
|a FICTION
|x General.
|2 bisacsh
|
| 650 |
|
6 |
|a Recits de guerre americains.
|
| 650 |
|
6 |
|a Roman americain
|y 19e siecle.
|
| 650 |
|
0 |
|a War stories, American.
|
| 650 |
|
0 |
|a American fiction
|y 19th century.
|
| 655 |
|
7 |
|a History.
|2 fast
|0 (OCoLC)fst01411628
|
| 655 |
|
7 |
|a Fiction.
|2 fast
|0 (OCoLC)fst01423787
|
| 655 |
|
7 |
|a Electronic books.
|2 local
|
| 700 |
1 |
|
|a Diffley, Kathleen Elizabeth,
|d 1950-
|
| 710 |
2 |
|
|a Project Muse.
|e distributor
|
| 830 |
|
0 |
|a Book collections on Project MUSE.
|
| 856 |
4 |
0 |
|z Texto completo
|u https://projectmuse.uam.elogim.com/book/69170/
|
| 945 |
|
|
|a Project MUSE - Custom Collection
|